| 000 | 00535nam a2200169 a 4500 | ||
|---|---|---|---|
| 008 | 120416s1972 ||||||||||||||||| || u | ||
| 050 | _aTJ 181.5 Owe | ||
| 100 | _aMargenau, H | ||
| 245 | 1 | 0 | _aWheels |
| 260 |
_aNederland _bTime-Life International _c1972 |
||
| 300 | _a200p. : ill. | ||
| 350 | _a0.00 | ||
| 700 | _aOwen, Wilfred | ||
| 700 | _aDubos, R | ||
| 700 | _aSnow, C.P | ||
| 995 |
_D0.00 _FCBU-MAIN LIBRARY (Kitwe) _H1 _I2.90 _UAVAILABLE _ZAnnex Low-Usage Collection |
||
| 999 |
_c61675 _d61675 |
||